000 00504nam a22001817a 4500
003 MPLRDC
005 20220104164229.0
008 210129b ||||| |||| 00| 0 eng d
020 _a967-978-378-1
082 _a783.868 SHA
100 _aKHOO KAY KIM 邱家金
245 _aHIS MAJESTY SULTAN AZLAN SHAH
_c
250 _a2ND ED.
260 _aMALAYSIA
_bPELANDUK PUBLICATIONS (M) SDN BHD
_c1992
300 _b188
650 _aBIOGRAPHIES OF MALAYSIA--SULTAN AZLAN SHAH
942 _cBK
_o783.868 SHA
999 _c56860
_d56850